000 00656nam a2200217Ia 4500
999 _c45353
_d45353
001 12177
003 GE_BSU
005 20221118112924.0
008 181216s2011en xx |||||||||||||| ||eng||
020 _a9780199559466 x
040 _cGE_BSU
041 _aeng
080 _a811.111 C-91
100 _aCruse, Alan
_915917
245 _aMeaning in Language. An Introduction to Semantics and Pragmatics /
_cAlan Cruse.
264 _aOxford :
_bUniversity Press,
_c2011.
300 _a497 p.:
_b24cm.
653 _aMeaning in Language. An Introduction to Semantics and Pragmatics
653 _aინგლისური ენა
942 _cBK
_2udc